Élő szkeccsek. Performatív animáció az 1910-es évek magyar filmjében
A magyar filmtörténeti diskurzus hagyományosan az első fennmaradt hazai animációs filmekként tárgyalja a Harctéri karikatúrák (1915) címen ismert összeállítás betétjét, valamint Az Est Film Vértes Marcell által rajzolt 1918–1919-es publicisztikai karikatúráit. A tanulmány ezt a keretezést két szempo...
Elmentve itt :
| Szerző: | |
|---|---|
| Dokumentumtípus: | Cikk |
| Megjelent: |
2023
|
| Sorozat: | APERTÚRA
18 No. 2 |
| Tárgyszavak: | |
| doi: | 10.31176/apertura.2023.18.2.4 |
| mtmt: | 34008451 |
| Online Access: | http://publicatio.bibl.u-szeged.hu/27402 |
| LEADER | 02376nab a2200217 i 4500 | ||
|---|---|---|---|
| 001 | publ27402 | ||
| 005 | 20230612085406.0 | ||
| 008 | 230612s2023 hu o 0|| Magyar d | ||
| 022 | |a 1787-7245 | ||
| 024 | 7 | |a 10.31176/apertura.2023.18.2.4 |2 doi | |
| 024 | 7 | |a 34008451 |2 mtmt | |
| 040 | |a SZTE Publicatio Repozitórium |b hun | ||
| 041 | |a Magyar | ||
| 100 | 1 | |a Gerencsér Péter | |
| 245 | 1 | 0 | |a Élő szkeccsek. Performatív animáció az 1910-es évek magyar filmjében |h [elektronikus dokumentum] / |c Gerencsér Péter |
| 260 | |c 2023 | ||
| 300 | |a 26 | ||
| 490 | 0 | |a APERTÚRA |v 18 No. 2 | |
| 520 | 3 | |a A magyar filmtörténeti diskurzus hagyományosan az első fennmaradt hazai animációs filmekként tárgyalja a Harctéri karikatúrák (1915) címen ismert összeállítás betétjét, valamint Az Est Film Vértes Marcell által rajzolt 1918–1919-es publicisztikai karikatúráit. A tanulmány ezt a keretezést két szempontból igyekszik felülvizsgálni és újragondolni. Bár a régi és az új médiumokra párhuzamosan fókuszáló médiaarcheológia utólagos pozíciójából ezek a munkák valóban tekinthetők animációs filmnek, az eddig mellőzött nemzetközi szakirodalom bevonásával amellett érvelek, hogy az animáció fogalma ebben az esetben anakronisztikus visszavetítés. Álláspontom szerint a vizsgált művekben az animációs trükkfilm a korai film illuzionista attrakciójának örököseként magával a mozgással, a megelevenedő képpel, a film mágiájával azonos. Másrészt a tanulmány azt állítja, hogy ezeket a mozgóképes alkotásokat nem lehetséges pusztán filmtörténeti keretben tárgyalni, szélesebb médiatörténeti megközelítésre van szükség. Ezek a filmek ugyanis sohasem önállóan jelentek meg, hanem a populáris színpad, a vásári mutatványosság leszármazottjaként előadásalapúak voltak. Ennek a típusnak a megnevezésére a „performatív animáció” fogalmát használom, melynek tanulmányozásánál nemcsak a mozgóképet, hanem a színpadi forma, a nyomtatott sajtó, a rajzolói test, a transzformáción alapuló rajz és a krétatábla médiumait is szükséges figyelembe venni. | |
| 650 | 4 | |a Média és kommunikáció | |
| 856 | 4 | 0 | |u http://publicatio.bibl.u-szeged.hu/27402/1/gerencser-peter_elo-szkeccsek-performativ-animacio-az-1910-es-evek-magyar-filmjeben_18910.pdf |z Dokumentum-elérés |